Normal view
MARC view
Entry Personal Name
001 - CONTROL NUMBER
- control field: 43679
003 - CONTROL NUMBER IDENTIFIER
- control field: OSt
005 - DATE AND TIME OF LATEST TRANSACTION
- control field: 20240228144323.0
008 - FIXED-LENGTH DATA ELEMENTS
- fixed length control field: 240228|| aca||aabn | a|a d
040 ## - CATALOGING SOURCE
- Original cataloging agency: OSt
- Transcribing agency: OSt
100 ## - HEADING--PERSONAL NAME
- Personal name: Hasan, S.M.S., Ashikuzzaman, M. and Lftekhar, M.S.
670 ## - SOURCE DATA FOUND
- Source citation: Work cat.: (OSt)523600: Hasan, S.M.S., Ashikuzzaman, M. and Lftekhar, M.S., Dynamics of urban disaster risk paradigm: Looking through the perceived lens of the residents of informal settlements in Khulna city, Bangladesh
